[Event "La Roda op 45th"]
[Site "La Roda"]
[Date "2018.03.29"]
[Round "3"]
[White "Suarez Uriel, Adrian"]
[Black "Calvo Simon, Jorge"]
[Result "1-0"]
[WhiteElo "2412"]
[BlackElo "2223"]
[PlyCount "59"]
[EventDate "2018.03.28"]
[EventType "swiss"]
[EventRounds "9"]
[EventCountry "ESP"]
[SourceTitle "CBM 183 Extra"]
[Source "ChessBase"]
[SourceDate "2018.04.19"]
[SourceVersion "1"]
[SourceVersionDate "2018.04.19"]
[SourceQuality "1"]

1. e4 c5 2. Ne2 g6 3. d4 cxd4 4. Nxd4 Bg7 5. c4 Nc6 6. Be3 Nf6 7. Nc3 d6 8. Be2 0-0 9. 0-0 Bd7 10. h3 Nxd4 11. Bxd4 Bc6 12. Qc2 a5 13. Rad1 Nd7 14. Bxg7 Kxg7 15. Bg4 Nc5 16. e5 f5 17. Be2 Qc7 18. exd6 exd6 19. Nd5 Bxd5 20. Rxd5 Rfe8 21. Rfd1 Re6 22. Qc3+ Kg8 23. Bf3 Ne4 24. Bxe4 fxe4 25. b3 a4 26. Qd4 axb3 27. axb3 Ra3 28. c5 Rxb3 29. Rxd6 Re8 30. Qa4 1-0

[Event "Aragon-chT Honor Gr I"]
[Site "Aragon"]
[Date "2018.02.10"]
[Round "3.15"]
[White "Calvo Simon, Jorge"]
[Black "Gines Esteo, Pedro Antonio"]
[Result "0-1"]
[WhiteElo "2223"]
[BlackElo "2386"]
[PlyCount "102"]
[EventDate "2018.01.27"]
[EventType "team-tourn"]
[EventRounds "7"]
[EventCountry "ESP"]
[SourceTitle "EXT 2019"]
[Source "ChessBase"]
[SourceDate "2018.10.10"]
[SourceVersion "1"]
[SourceVersionDate "2018.10.10"]
[SourceQuality "1"]
[WhiteTeam "Helios"]
[BlackTeam "Jaime Casas"]
[WhiteTeamCountry "ESP"]
[BlackTeamCountry "ESP"]

1. e4 e6 2. d4 d5 3. e5 c5 4. c3 Nc6 5. Nf3 Nge7 6. a3 c4 7. Nbd2 Na5 8. b4 cxb3 9. Nxb3 Bd7 10. Nxa5 Qxa5 11. Bd2 Qa4 12. Qb1 Bc6 13. Bd3 h6 14. 0-0 Nc8 15. Be3 Nb6 16. Nd2 Be7 17. f4 g6 18. Bxg6 fxg6 19. Qxg6+ Kd7 20. f5 exf5 21. e6+ Kd8 22. Rxf5 Nc4 23. Bxh6 Nd6 24. Rf4 Be8 25. Qg7 Rxh6 26. Qxh6 Qc2 27. Rf3 Rc8 28. Raf1 Rxc3 29. Rxc3 Qxc3 30. Nf3 Nf5 31. Qf4 Qe3+ 32. Qxe3 Nxe3 33. Rb1 b5 34. Ne5 Bxa3 35. Rb3 Nc2 36. Nd3 b4 37. Nc5 a5 38. Nb7+ Ke7 39. Nxa5 Nxd4 40. Rd3 Ne2+ 41. Kf2 Nc3 42. Nb7 Kxe6 43. Nc5+ Kd6 44. Nb3 Ne4+ 45. Kf3 Nc5 46. Nxc5 Kxc5 47. g4 Ba4 48. g5 b3 49. g6 b2 50. Rxa3 b1Q 51. Rxa4 Qd1+ 0-1

[Event "San Sebastian Gros op 26th"]
[Site "San Sebastian"]
[Date "2016.06.30"]
[Round "8"]
[White "Fantinel, Thibault"]
[Black "Calvo Simon, Jorge"]
[Result "1-0"]
[WhiteElo "2382"]
[BlackElo "2103"]
[PlyCount "99"]
[EventDate "2016.06.24"]
[EventType "swiss"]
[EventRounds "9"]
[EventCountry "ESP"]
[SourceTitle "EXT 2017"]
[Source "ChessBase"]
[SourceDate "2016.10.25"]
[SourceVersion "1"]
[SourceVersionDate "2016.10.25"]
[SourceQuality "1"]

1. Nf3 g6 2. g3 Bg7 3. d4 Nf6 4. Bg2 d6 5. 0-0 0-0 6. b3 c5 7. c4 Nc6 8. Bb2 cxd4 9. Nxd4 Bd7 10. Nc2 Qc8 11. Re1 Bh3 12. Bh1 Qf5 13. Ne3 Qc5 14. Nc3 Rab8 15. Rb1 Ne5 16. Na4 Qa5 17. Bc3 Qc7 18. Qd2 Bh6 19. Bd4 Nfg4 20. f4 Nxe3 21. Bxe3 Nc6 22. Nc3 a6 23. Nd5 Qd7 24. Bb6 Bg7 25. e4 Kh8 26. b4 Be6 27. a4 Rfc8 28. a5 Nd8 29. Qd3 Bxd5 30. exd5 e5 31. dxe6 fxe6 32. Bg2 Nf7 33. Bh3 Re8 34. Bd4 Rbc8 35. Re2 Nd8 36. Rd1 Qc6 37. Bxg7+ Kxg7 38. Re4 Rc7 39. Qxd6 Qxd6 40. Rxd6 Nc6 41. c5 Rce7 42. Rdxe6 Rxe6 43. Bxe6 Rd8 44. Bg4 Rd2 45. Bc8 Nd4 46. Re3 Nc2 47. Re7+ Kf6 48. Rxh7 Nxb4 49. Bxb7 Ra2 50. c6 1-0

[Event "Barcelona Sants op 17th"]
[Site "Barcelona"]
[Date "2015.08.28"]
[Round "8"]
[White "Calvo Simon, Jorge"]
[Black "Iglesias, Yosha"]
[Result "0-1"]
[WhiteElo "2169"]
[BlackElo "2319"]
[PlyCount "92"]
[EventDate "2015.08.21"]
[EventType "swiss"]
[EventRounds "10"]
[EventCountry "ESP"]
[SourceTitle "EXT 2016"]
[Source "ChessBase"]
[SourceDate "2015.10.08"]
[SourceVersion "1"]
[SourceVersionDate "2015.10.08"]
[SourceQuality "1"]

1. e4 d6 2. d4 Nf6 3. Nc3 c6 4. f4 Qa5 5. Bd3 e5 6. Nf3 exd4 7. Nxd4 g6 8. h3 Bg7 9. Be3 0-0 10. 0-0 a6 11. Qd2 Nbd7 12. f5 c5 13. Nb3 Qc7 14. Be2 b5 15. fxg6 hxg6 16. Bf4 Ne5 17. Rad1 c4 18. Nc1 Bb7 19. Qxd6 Qxd6 20. Rxd6 Nxe4 21. Nxe4 Bxe4 22. c3 Rfe8 23. a4 Bf8 24. Rd2 Bc5+ 25. Kh1 Kg7 26. b3 Rac8 27. Bg5 Re6 28. axb5 axb5 29. Bd1 f6 30. Bf4 Nd3 31. Ne2 Nf2+ 32. Kh2 g5 33. Rd7+ Kg6 34. bxc4 Nxd1 35. Rdxd1 bxc4 36. Bg3 Bd3 37. Rxd3 cxd3 38. Nc1 d2 39. Nd3 Bd6 40. Bxd6 Rxd6 41. Nf2 Rxc3 42. Ne4 Rcd3 43. Nxd6 Rxd6 44. Rd1 Kf5 45. g3 Ke4 46. Kg2 Kd3 0-1

[Event "Zaragoza Otono op 1st"]
[Site "Zaragoza"]
[Date "2013.11.03"]
[Round "3"]
[White "Roldan Marques, Daniel"]
[Black "Calvo Simon, Jorge"]
[Result "1/2-1/2"]
[WhiteElo "1725"]
[BlackElo "1843"]
[PlyCount "60"]
[EventDate "2013.10.27"]
[EventType "swiss"]
[EventRounds "6"]
[EventCountry "ESP"]
[SourceTitle "EXT 2015"]
[Source "ChessBase"]
[SourceDate "2014.11.20"]
[SourceVersion "1"]
[SourceVersionDate "2014.11.20"]
[SourceQuality "1"]

1. d4 Nf6 2. Nf3 g6 3. c4 Bg7 4. Nc3 d6 5. e4 0-0 6. Be2 e5 7. 0-0 Nc6 8. d5 Ne7 9. b4 Ne8 10. g3 f5 11. Bd2 Nf6 12. exf5 Nxf5 13. Rc1 Nd4 14. Nxd4 exd4 15. Nb5 Bh3 16. Re1 Ne4 17. f3 c6 18. fxe4 cxb5 19. Bf1 Bxf1 20. Rxf1 bxc4 21. Rxf8+ Qxf8 22. Rxc4 Qe7 23. Qg4 Re8 24. Rc8 Rxc8 25. Qxc8+ Kf7 26. Qc2 Bf6 27. Kf2 Qd7 28. Bf4 Bh8 29. Qc4 Qh3 30. Kg1 h5 1/2-1/2

[Event "Zaragoza Otono op 1st"]
[Site "Zaragoza"]
[Date "2013.10.27"]
[Round "2"]
[White "Calvo Simon, Jorge"]
[Black "Ruperez Benito, Antonio"]
[Result "0-1"]
[WhiteElo "1843"]
[BlackElo "1944"]
[PlyCount "76"]
[EventDate "2013.10.27"]
[EventType "swiss"]
[EventRounds "6"]
[EventCountry "ESP"]
[SourceTitle "EXT 2015"]
[Source "ChessBase"]
[SourceDate "2014.11.20"]
[SourceVersion "1"]
[SourceVersionDate "2014.11.20"]
[SourceQuality "1"]

1. c4 c5 2. Nc3 Nf6 3. g3 e6 4. Bg2 Nc6 5. d3 d5 6. Bg5 d4 7. Ne4 Be7 8. Bxf6 gxf6 9. Nf3 f5 10. Ned2 h5 11. h4 Rg8 12. Rg1 Qc7 13. Nf1 e5 14. Qd2 Be6 15. Ng5 0-0-0 16. Nxe6 fxe6 17. Qh6 Rd6 18. Bxc6 Rxc6 19. Qxh5 e4 20. dxe4 Rf8 21. Nd2 Qa5 22. Qf3 Rb6 23. b3 Bf6 24. exf5 d3 25. Rd1 Bc3 26. f6 Rd6 27. exd3 Rxf6 28. Qe3 Bd4 29. Qe4 Rf5 30. Qg4 Bxf2+ 31. Ke2 Bxg1 32. Rxg1 Qc3 33. d4 Rxd4 34. Qg8+ Kc7 35. Qg7+ Kb6 36. Qh6 Qd3+ 37. Kd1 Rf2 38. Qxe6+ Rd6 0-1

[Event "Aragon-chT Preferente A"]
[Site "Aragon"]
[Date "2012.03.17"]
[Round "7.52"]
[White "Fleta Marin, Sergio"]
[Black "Calvo Simon, Jorge"]
[Result "1/2-1/2"]
[WhiteElo "1669"]
[BlackElo "1727"]
[PlyCount "53"]
[EventDate "2012.02.04"]
[EventType "team"]
[EventRounds "9"]
[EventCountry "ESP"]
[SourceTitle "EXT 2014"]
[Source "ChessBase"]
[SourceDate "2013.11.20"]
[SourceVersion "1"]
[SourceVersionDate "2013.11.20"]
[SourceQuality "1"]
[WhiteTeam "Delicias CCOO II"]
[BlackTeam "St Casablanca III"]
[WhiteTeamCountry "ESP"]
[BlackTeamCountry "ESP"]

1. e4 c5 2. Nf3 d6 3. g3 Nf6 4. d3 g6 5. h3 Bg7 6. Bg2 Nc6 7. c3 0-0 8. 0-0 Rb8 9. a4 a6 10. Be3 b5 11. axb5 axb5 12. Qd2 c4 13. Nd4 Bd7 14. dxc4 bxc4 15. Na3 Ne5 16. f4 Nc6 17. e5 Nxd4 18. exf6 Nb3 19. fxg7 Nxd2 20. gxf8Q+ Kxf8 21. Bxd2 Qc8 22. Kh2 Rxb2 23. Nb1 Kg7 24. g4 Qc5 25. Re1 Qf2 26. Rf1 Qe2 27. Re1 1/2-1/2

[Event "ESP-ch U12"]
[Site "Padron"]
[Date "2011.07.07"]
[Round "5"]
[White "Calvo Simon, Jorge"]
[Black "Antunez Munoz, Ines"]
[Result "1/2-1/2"]
[WhiteElo "1715"]
[BlackElo "1584"]
[PlyCount "66"]
[EventDate "2011.07.05"]
[EventType "swiss"]
[EventRounds "9"]
[EventCountry "ESP"]
[SourceTitle "EXT 2012"]
[Source "ChessBase"]
[SourceDate "2011.11.24"]
[SourceVersion "1"]
[SourceVersionDate "2011.11.24"]
[SourceQuality "1"]

1. e4 e5 2. Bc4 Nf6 3. d3 Bc5 4. Nc3 0-0 5. f4 d6 6. f5 h6 7. h4 c6 8. Qf3 Bb4 9. g4 d5 10. exd5 cxd5 11. Bb5 d4 12. a3 Ba5 13. b4 dxc3 14. bxa5 Qxa5 15. Bc4 Re8 16. g5 e4 17. dxe4 Nxe4 18. Ne2 Qxf5 19. Qg2 Qg4 20. Qf1 Be6 21. Bb5 Ng3 22. Rg1 Nxf1 23. Rxg4 Bxg4 24. Bxe8 Bxe2 25. Kxe2 Ng3+ 26. Kf3 Nf5 27. Kg4 Nd6 28. Ba4 b5 29. Bf4 bxa4 30. Bxd6 Nc6 31. gxh6 gxh6 32. Kh5 Kh7 33. Rf1 Nd8 1/2-1/2